| 000 | 00802nas a2200289 4500 | ||
|---|---|---|---|
| 001 | BR9804978 | ||
| 003 | BR-BrBNA | ||
| 005 | 20231205101134.0 | ||
| 007 | ta | ||
| 008 | 230509b bl.|||p| |||| 00| 00por d | ||
| 040 |
_aBR-BrBNA _bpor _cBiblioteca Nacional de Agricultura |
||
| 041 | _a(Pt) | ||
| 072 | _aE13 | ||
| 100 | 1 | _aNegri Neto, A. | |
| 100 | 1 | _aVegro, C.L.R. | |
| 100 | 1 | _aMoricochi, L. | |
| 245 | 1 | _aImpacto distributivo da retirada do ICMS: o caso do cafe | |
| 650 | _aImposto | ||
| 650 | _aCafe | ||
| 650 | _aConsumidor | ||
| 650 | _aProdutor | ||
| 650 | _aComercializacao | ||
| 650 | _aSao Paulo | ||
| 773 | 0 |
_tAgricultura em Sao Paulo (Brazil) _xISSN 0044-6793 _g(1997), v. 44(t.1) p. 17-25 _wBR9804978 |
|
| 909 |
_a202311 _bLúcia _c55 _dLúcia Elande |
||
| 942 |
_2AGRIS _n0 _cANA |
||
| 999 |
_c159969 _d159969 |
||